000 00481nam a2200157 a 4500
005 20140412111250.0
008 030411s19uu xx 00 eng d
020 _a1-56397-345-6
050 _aTR(PS E
_bWh55
100 _aTiziano, Sclavi
245 _aWhat's on the other side? /
_cScalvi Tiziano ; illustrations by Carlo A. Michelini.
260 _aPennsylvania :
_bBell Books,
_c1986.
300 _a1 v. (unp.) ; ill.
650 _aShapes--Study and teaching
999 _c103093
_d103093